| 000 | 00000nam 2200000za 4500 |
| 001 | 9.846725 |
| 003 | CaOODSP |
| 005 | 20221107153255 |
| 007 | cr ||||||||||| |
| 008 | 171107s1957 oncd os f000 0 eng d |
| 040 | |aCaOODSP|beng |
| 043 | |an-cn--- |
| 086 | 1 |aCS82-511/1957E-PDF |
| 245 | 00|aIllness frequency by class of illness, age and sex (national estimates) |h[electronic resource] / |cprepared jointly by the Dominion Bureau of Statistics and the Department of National Health and Welfare. |
| 260 | |aOttawa : |bEdmond Cloutier, Queen's Printer, |c1957. |
| 300 | |a39 p. : |bcharts |
| 490 | 0 |aCanadian sickness survey, 1950-51 ; |vno. 11 |
| 500 | |aIssued also in French under title: La fréquence de la maladie selon les classes de maladies, l’âge et le sexe (estimations nationales). |
| 500 | |aCover title. |
| 500 | |a"July, 1957." |
| 500 | |aChiefly tables. |
| 500 | |aDigitized edition from print [produced by Statistics Canada]. |
| 520 | |a“This is the eleventh bulletin in the series of preliminary publications of the Canadian Sickness Survey. The first four reports dealt with family expenditures for health services, the next three with various aspects of the volume of sickness and the two after that with the volume of health care. The previous bulletin (No. 10) was concerned with illness frequency for various classes of illness broken down by diagnostic groups and sex. The present bulletin also deals with illness frequency for classes of illness, but they have been broken down by age and sex instead of diagnostic group and sex. Disabling illness has not been shown separately in the present bulletin, but it might be possible to do so in future compilations"--Scope, p. [5]. |
| 530 | |aIssued also in print format. |
| 692 | 07|2gccst|aHealth |
| 692 | 07|2gccst|aStatistics |
| 710 | 1 |aCanada. |bDominion Bureau of Statistics. |
| 710 | 1 |aCanada. |bDept. of National Health and Welfare. |
| 775 | 08|tLa fréquence de la maladie selon les classes de maladies, l’âge et le sexe (estimations nationales) |w(CaOODSP)9.846729 |
| 856 | 40|qPDF|s1.55 MB|uhttps://publications.gc.ca/collections/collection_2017/statcan/CS82-511-1957-eng.pdf |
| 986 | |a82-511 |